| 000 | 00000nam##2200000za#4500 |
| 001 | 9.663284 |
| 003 | CaOODSP |
| 005 | 20200330131840 |
| 007 | ta |
| 008 | 150407|2001||||xxc||||| f|0| 0 fre|d |
| 020 | |a0-662-66152-4 |
| 040 | |aCaOODSP|bfre |
| 041 | |aeng |
| 041 | |afre |
| 043 | |an-cn--- |
| 086 | 1 |aFs23-407/2001 |
| 110 | 1 |aCanada. |bMinistère des pêches et des océans. |
| 245 | 10|aPartenariats-garder les océans en vie: Conférence canadienne sur l'intendance des océans, 6-8 juin, 2001, Vancouver, Colombie-Britannique |
| 260 | |aOttawa - Ontario : |bPêches et Océans Canada |c2001. |
| 300 | |aTexte français, 17p. : |bill. ; |c22 cm. |
| 546 | |aBilingue |
| 563 | |aCouverture souple |
| 590 | |a01-51|b2001-12-28 |
| 691 | 07|aOcéan|2gcpds |
| 691 | 07|aÉcosystème marin|2gcpds |
| 691 | 07|aCongrès|2gcpds |
| 776 | 0#|tPartnerships for living oceans : |w(CaOODSP)9.696191 |
| 791 | |tPartnerships for living oceans: Canadian Oceans Stewardship Conference report, June 6-8, 2001, Vancouver, British Columbia |eeng|w(CaOODSP)9.663283 |